000 01386nam a22002177a 4500
999 _c57341
_d57341
003 Ge_BSU
005 20200527131643.0
008 200527s2015 ge ||||| |||| 00| 0 geo d
020 _a9789941079467
041 _ageo
080 _a344 ძ-20
100 _aძამაშვილი, ბექა
_98211
245 _aსამხედრო კონფლიქტების სამართალი :
_b(ძალის გამოყენების აკრძალვა) = Law of armed conflicts : (prohibition of use of force) /
_c ბექა ძამაშვილი ; რედაქტორი გოჩა ლორთქიფანიძე ; დავით ბატონიშვილის სამართლის ინ-ტი.
264 _aთბილისი :
_bდავით ბატონიშვილის სამართლის ინ-ტის გამ-ბა :
_c2015.
300 _a290 გვ. :
_bილ. ;
_c20 სმ.
500 _aპარალ. თავფურ. ინგლ. ენაზე.
504 _aბიბლიოგრ. : გვ. 282-289 და ტექსტის შენიშვნებში.
653 _aსამხედრო სამართალი
700 _aლორთქიფანიძე, გოჩა
_eრედაქტორი
_98212
942 _2udc
_cBK